• 首页
  • 本馆介绍
  • 公告通知
  • 最新文献
  • 馆藏检索
  • 电子资源
  • 读者导购
  • 参考咨询
  • 我的图书馆
  • 登录
  • 详细信息显示
  • 放入我的书架
  • 预约/预借图书
  • 作者相关作品
  • 分类相关作品
  • 丛书相关作品
  • 出版社相关作品

书目信息

  • 表格格式
  • 工作单格式
  • 卡片格式
题名:
农村实用测量
    
 
作者: ;武汉测绘学院《农村实用测量》编写组 编
分册:  
出版信息: 北京   测绘出版社  1976
页数: 96页
开本: 19cm
丛书名: 农村测绘小丛书
单 册:
中图分类: S29
科图分类:
主题词: 农田水利-工程测量 , 工程测量-农田水利 , 农业工程--工程测量 , 农业工程--土地--测量
电子资源:
ISBN:
000 00905nam2 2200277 45
001 0176001876
005 20060430152954.00
010    @dCNY0.20
100    @a19951025d1976 em y0chiy0121 ea
101 0  @achi
102    @aCN@b110000
105    @ay z 000yy
200 10 @a农村实用测量@Anong cun shi yong ce liang@f武汉测绘学院《农村实用测量》编写组编@Fwu han ce hui xue yuan《nong cun shi yong ce liang》bian xie zu bian
210    @a北京@c测绘出版社@d1976
215    @a96页@d19cm
225 2  @a农村测绘小丛书
410  0 @120010@a农村测绘小丛书
606    @a农田水利-工程测量
606    @a工程测量-农田水利
606 0  @a农业工程@x工程测量
606 0  @a农业工程@x土地@x测量
690    @aS29@v3
711  0 @a武汉测绘学院《农村实用测量》编写组@Awu han ce hui xue yuan《nong cun shi yong ce liang》bian xie zu@4编
801  2 @aCN@bNLC@c20060430
801  0 @aCN@bTSSF
905    @a10447@dS29@e3
    
    农村实用测量/武汉测绘学院《农村实用测量》编写组编.-北京:测绘出版社,1976
    96页;19cm.-(农村测绘小丛书)
    
    
    ISBN :CNY0.20
    
●
相关链接 在E读中查询图书 在五车中查询图书 在当当中查询图书 在豆瓣中查询图书


正题名:农村实用测量     索取号:S29/3         预约/预借

序号 登录号 条形码 馆藏地/架位号 状态 备注
1 0008534   202330058   密集书库/ [索取号:S29/3] 在馆    
2 0008535   202330049   密集书库/ [索取号:S29/3] 在馆    
3 0008538   202330012   密集书库/ [索取号:S29/3] 在馆    
唐山师范学院图书馆 欢迎您!
大连网信软件有限公司© 版权所有